Major Balkan Rivers Map Quiz - Statistics

General Stats
  • This quiz has been taken 90 times
  • The average score is 5 of 10
Answers on the Map
Answers color-coded by a green-red scale on the quiz's map according to % correct below.
 
Answer Stats
River % Correct
Danube
99%
Sava
81%
Drin
59%
Vardar
56%
Drava
51%
Drina
47%
Maritsa
32%
Olt
26%
Struma
21%
Iskar
18%
No matching quizzes found
Score Distribution
Percent of People with Each Score
Percentile by Number Answered
Your Score History
You have not taken this quiz